<?xml version="1.0" encoding="UTF-8"?>
<marc:record xmlns:marc="http://www.loc.gov/MARC21/slim">
   <marc:leader>00000nam a2200000 a 4500</marc:leader>
   <marc:datafield ind1="1" ind2=" " tag="100">
      <marc:subfield code="a">McDermid, Val</marc:subfield>
      <marc:subfield code="4">aut</marc:subfield>
      <marc:subfield code="e">Verfasser/-in</marc:subfield>
   </marc:datafield>
   <marc:datafield ind1=" " ind2=" " tag="653">
      <marc:subfield code="a">Krimi - Sammlung</marc:subfield>
   </marc:datafield>
   <marc:datafield ind1=" " ind2=" " tag="653">
      <marc:subfield code="a">Sherlock Holmes</marc:subfield>
   </marc:datafield>
   <marc:datafield ind1="0" ind2="0" tag="245">
      <marc:subfield code="a">Das Mädchen, das den Weihnachtsmann umbrachte</marc:subfield>
   </marc:datafield>
   <marc:datafield ind1="0" ind2="0" tag="245">
      <marc:subfield code="b">; Storys</marc:subfield>
   </marc:datafield>
   <marc:datafield ind1=" " ind2="1" tag="264">
      <marc:subfield code="b">Droemer</marc:subfield>
      <marc:subfield code="c">2022</marc:subfield>
   </marc:datafield>
   <marc:datafield ind1="1" ind2=" " tag="520">
      <marc:subfield code="a">Ihre allererste Weihnachtsanthologie: winterlich, festlich, tödlich!  Val McDermid zeigt sich als Meisterin der kurzen Form. Von St. Petersburg über Sarajevo bis zu den schottischen Highlands - von vergangenen Jahrhunderten bis heute - jede Geschichte ist anders als die vorherige. Von einem verantwortungslosen Baron, dessen Leiche neben einer Sandbirke gefunden wird, zu einem Autor, der vom bösen Geist eines neidischen Co-Autors verfolgt wird: die Charaktere, die Val McDermid heraufbeschwört, sind rätselhaft und gefährlich. Und es sind alte Bekannte dabei: Tony Hill und Carol Jordan sind einem grausamen Mörder auf der Spur, und kein Geringerer als Sherlock Holmes soll am Weihnachtsabend den wahren König Schottlands finden.     Prachtvolle Sammlung von Thrillern und Ermittler-Krimis - aus 30 Jahren ihres Schaffens     12 auserlesene Storys mit Ermittlern wie Tony Hill, Carol Jordan - und Sherlock Holmes     Das ideale Geschenk für alle Krimi-Begeisterten und Fans der schottischen Autorin Val McDermids aufrüttelnde, atmosphärische Kurz-Krimis erschüttern und begeistern zugleich. Dieses Büchlein ist perfekt, um es zu verschenken oder es sich damit gemütlich zu machen, während der eisige Winter hereinbricht und jede Nacht dunkler wird als die vorherige.</marc:subfield>
   </marc:datafield>
   <marc:datafield ind1=" " ind2=" " tag="020">
      <marc:subfield code="a">9783426282717</marc:subfield>
      <marc:subfield code="9">9783426282717</marc:subfield>
   </marc:datafield>
</marc:record>
